Labour market disparities in new EU member states

Regionálne disparity a polarizácia v krajinách v prechode. Ukazovatele trhu práce. Divergencia vývoja v porovnávaní nových členských štátov - EU 12. Využitím klastrovej analýzy odhalené kvalitnejšie trhy práce na Malte a Cypre.

Salvato in:
Dettagli Bibliografici
Autore principale: Hudoková, Kristína
Altri autori: Viskupičová, Jana, Székely, Kinga, Poledníková, Eva
Natura: Capitolo di libro
Lingua:inglese
Soggetti:
Tags: Aggiungi Tag
Nessun Tag, puoi essere il primo ad aggiungerne!!

MARC

LEADER 00000naa$a2200000$$$4500
001 0193558
005 20240502073235.8
041 0 |a eng 
044 |a SK 
245 1 0 |a Labour market disparities in new EU member states  |c Kristína Hudoková, Jana Viskupičová, Kinga Székely, Eva Poledníková 
520 |a Regionálne disparity a polarizácia v krajinách v prechode. Ukazovatele trhu práce. Divergencia vývoja v porovnávaní nových členských štátov - EU 12. Využitím klastrovej analýzy odhalené kvalitnejšie trhy práce na Malte a Cypre. 
610 2 0 |a disparita 
610 2 0 |a divergencia 
610 2 0 |a klaster 
610 2 0 |a krajiny tranzitívne 
610 2 0 |a produktivita práce 
610 2 0 |a vzdelanosť 
610 2 0 |a nezamestnanosť 
100 1 |a Hudoková, Kristína 
700 1 |a Viskupičová, Jana 
700 1 |a Székely, Kinga 
700 1 |a Poledníková, Eva